|
|
|
|
| LEADER |
01226nam a2200301 a 4500 |
| 001 |
1235083 |
| 008 |
100526r19771969mduach b 000 0 eng d |
| 010 |
|
|
|a \\\69010044
|
| 020 |
|
|
|a 0713900903
|
| 040 |
|
|
|a DLC
|c DLC
|d DLC
|d BD-DhAAL
|
| 082 |
0 |
0 |
|a 822.3/3
|2 17
|
| 100 |
1 |
|
|a Shakespeare, William,
|d 1564-1616.
|
| 240 |
1 |
0 |
|a Works.
|f 1969
|
| 245 |
0 |
4 |
|a The complete works /
|c General editor: Alfred Harbage.
|
| 260 |
|
|
|a Baltimore :
|b Penguin Books,
|c 1969 [reprinted 1977].
|
| 300 |
|
|
|a xxx, 1481 p. :
|b illus., facsims., port. ;
|c 26 cm.
|
| 500 |
|
|
|a Title on spine: The complete Pelican Shakespeare.
|
| 500 |
|
|
|a "[Rev. ed. of] the Pelican text published in thirty-eight volumes between 1956 and 1967."
|
| 504 |
|
|
|a Includes bibliographies.
|
| 541 |
1 |
|
|e 00015728
|
| 600 |
1 |
0 |
|a Shakespeare, William,
|d 1564-1616
|x Criticism and interpretation.
|
| 700 |
1 |
|
|a Harbage, Alfred,
|d 1901-
|e ed.
|
| 740 |
0 |
|
|a Complete Pelican Shakespeare.
|
| 740 |
0 |
|
|a Pelican Shakespeare.
|
| 852 |
4 |
|
|a Ayesha Abed Library
|j General Shelf
|
| 942 |
0 |
0 |
|0 2
|
| 999 |
|
|
|c 8741
|d 8741
|
| 952 |
|
|
|0 0
|1 0
|2 ddc
|4 0
|6 822_330000000000000_SHA_1977
|7 0
|9 10560
|a BRACUL
|b BRACUL
|c GEN
|d 2010-05-30
|l 26
|m 161
|o 822.33 SHA
|p 3010015728
|r 2025-10-16
|s 2025-04-30
|t 1
|w 2010-05-30
|y BK
|